Free in Christ: (Record no. 5538)

MARC details
000 -LEADER
fixed length control field 00674nam a22002057a 4500
003 - CONTROL NUMBER IDENTIFIER
control field GBCCL
005 - DATE AND TIME OF LATEST TRANSACTION
control field 20241126110544.0
008 - FIXED-LENGTH DATA ELEMENTS--GENERAL INFORMATION
fixed length control field 180326b ||||| |||| 00| 0 eng d
040 ## - CATALOGING SOURCE
Transcribing agency gbc
082 ## - DEWEY DECIMAL CLASSIFICATION NUMBER
Classification number 262.0017
Item number HOO
100 ## - MAIN ENTRY--PERSONAL NAME
Personal name Hook, Cecil
9 (RLIN) 8193
245 ## - TITLE STATEMENT
Title Free in Christ:
Remainder of title Freeing form the web of legal works and ritualistic details into the peace and security that grace offers /
Statement of responsibility, etc. Cecil Hook
250 ## - EDITION STATEMENT
Edition statement 7th Printing
260 ## - PUBLICATION, DISTRIBUTION, ETC.
Place of publication, distribution, etc. Texas:
Name of publisher, distributor, etc. Author,
Date of publication, distribution, etc. 1993
300 ## - PHYSICAL DESCRIPTION
Extent 136 p.;
Dimensions 21 cm.
650 ## - SUBJECT ADDED ENTRY--TOPICAL TERM
Topical term or geographic name entry element Churches of Christ
Form subdivision Doctrinal works
9 (RLIN) 9991
650 ## - SUBJECT ADDED ENTRY--TOPICAL TERM
Topical term or geographic name entry element Churches of Christ
Form subdivision Controversial literature
9 (RLIN) 9992
650 ## - SUBJECT ADDED ENTRY--TOPICAL TERM
Topical term or geographic name entry element Church Renewal
9 (RLIN) 963
942 ## - ADDED ENTRY ELEMENTS (KOHA)
Source of classification or shelving scheme Dewey Decimal Classification
Koha item type Books
Holdings
Withdrawn status Lost status Source of classification or shelving scheme Damaged status Not for loan Home library Current Library Shelving location Date acquired Total checkouts Full call number Barcode Date last seen Copy number Price effective from Koha item type
    Dewey Decimal Classification     GRACE BIBLE COLLEGE GRACE BIBLE COLLEGE Ministry & Mission 2018-03-26   262.0017 HOO 009837 2025-05-01 c.1 2018-03-26 Books
© Grace Bible College Library 2025